000 00556nam a2200217 i 4500
001 17182
003 ES-MaACL
005 20230906151523.0
007 t|
008 010115s1994 mx ||||1| spa d
080 _a821.134.2(72)-32"19"
100 1 _aBatista, Carlos.
_926431
245 1 0 _aBarracuda /
_cCarlos Batista.
250 _a1ª ed.
260 _aQuerétaro :
_bPapuras,
_c1994.
300 _a17 p. ;
_c22 cm.
490 1 _aAhí les va
830 0 _aAhí les va
_9180251
852 _aES-MaACL
_j2161-F-20
_bR.126316
999 _c17182
_d17182